000 00850nam a2200217Ia 4500
003 IN-BaIIA
008 211028s9999 xx 000 0 eng d
040 _cIIA Library
080 _a521.1(082.2)
_bPRO
111 _aSymposium on "Celestial Mechanics"
_n12th
_cMunchen
_d1987
_915301
245 0 _aCelestial mechanics
_bproceedings of the twentieth symposium on "celestial mechanics", held in Munchen, 1987
_cedited by Hiroshi Kinoshita, Hiroshi Nakai and Makoto Yoshikawa
260 _aMaryland
_bDirect
300 _a150p.
650 _aAstronomy and Astrophysics Thesaurus
650 _aBright Stars Catalogue
_94472
650 _aCatalogue-Bright Stars
_94473
700 _aKinoshita, Hiroshi, ed.
_915302
700 _aNakai, Hiroshi, ed.
_915303
700 _aYoshikawa, Makoto, ed.
_915304
942 _cBK
999 _c9114
_d9114